Assessment of permanent infirmity of eye injuries through 2011 : (رقم التسجيلة. 43972)
[ عرض عادي ]
| 000 -LEADER | |
|---|---|
| fixed length control field | 01769cam a2200349 a 4500 |
| 003 - CONTROL NUMBER IDENTIFIER | |
| control field | EG-GiCUC |
| 005 - DATE AND TIME OF LATEST TRANSACTION | |
| control field | 20250223030901.0 |
| 008 - FIXED-LENGTH DATA ELEMENTS--GENERAL INFORMATION | |
| fixed length control field | 131103s2013 ua dh f m 000 0 eng d |
| 040 ## - CATALOGING SOURCE | |
| Original cataloging agency | EG-GiCUC |
| Language of cataloging | eng |
| Transcribing agency | EG-GiCUC |
| 041 0# - LANGUAGE CODE | |
| Language code of text/sound track or separate title | eng |
| 049 ## - LOCAL HOLDINGS (OCLC) | |
| Holding library | Deposite |
| 097 ## - Thesis Degree | |
| Thesis Level | M.Sc |
| 099 ## - LOCAL FREE-TEXT CALL NUMBER (OCLC) | |
| Classification number | Cai01.11.13.M.Sc.2013.Ta.A |
| 100 0# - MAIN ENTRY--PERSONAL NAME | |
| Personal name | Tarik Babikir Abdalla Asakir |
| 245 10 - TITLE STATEMENT | |
| Title | Assessment of permanent infirmity of eye injuries through 2011 : |
| Remainder of title | Retrospective study / |
| Statement of responsibility, etc. | Tarik Babikir Abdalla Asakir ; Supervised Mervat Hamdy Abdalsalam , Khaled Abdelfattah Bayoumi , Magda Helal Elkaradawy |
| 246 15 - VARYING FORM OF TITLE | |
| Title proper/short title | تقدير نسبة العاهة المستديمة لإصابات العين خلال عام 2011 : |
| Remainder of title | دراسة بأثر رجعى |
| 260 ## - PUBLICATION, DISTRIBUTION, ETC. | |
| Place of publication, distribution, etc. | Cairo : |
| Name of publisher, distributor, etc. | Tarik Babikir Abdalla Asakir , |
| Date of publication, distribution, etc. | 2013 |
| 300 ## - PHYSICAL DESCRIPTION | |
| Extent | 96 P. : |
| Other physical details | charts , facsimiles ; |
| Dimensions | 25cm |
| 502 ## - DISSERTATION NOTE | |
| Dissertation note | Thesis (M.Sc.) - Cairo University - Faculty of Medicine - Department of Forensic Medicine Toxicology |
| 520 ## - SUMMARY, ETC. | |
| Summary, etc. | Ocular injuries are usually resulting in visual impairment and possibly total blindness with permanent infirmity as a final outcome. Retrospective study was performed on eye injured cases presented to the Medico - legal administration from 1{u036D}{u036D}{u036D} {u036A} January 2011 to 31ecember 2011. Male gender was the majority in eye injured cases with percentage (95%) |
| 530 ## - ADDITIONAL PHYSICAL FORM AVAILABLE NOTE | |
| Additional physical form available note | Issued also as CD |
| 653 #4 - INDEX TERM--UNCONTROLLED | |
| Uncontrolled term | Eye injury |
| 653 #4 - INDEX TERM--UNCONTROLLED | |
| Uncontrolled term | Infirmity |
| 653 #4 - INDEX TERM--UNCONTROLLED | |
| Uncontrolled term | Trauma |
| 700 0# - ADDED ENTRY--PERSONAL NAME | |
| Personal name | Khaled Abdelfattah Bayoumi , |
| Relator term | |
| 700 0# - ADDED ENTRY--PERSONAL NAME | |
| Personal name | Magda Helal Elkaradawy , |
| Relator term | |
| 700 0# - ADDED ENTRY--PERSONAL NAME | |
| Personal name | Mervat Hamdy Abdalsalam , |
| Relator term | |
| 856 ## - ELECTRONIC LOCATION AND ACCESS | |
| Uniform Resource Identifier | <a href="http://172.23.153.220/th.pdf">http://172.23.153.220/th.pdf</a> |
| 905 ## - LOCAL DATA ELEMENT E, LDE (RLIN) | |
| Cataloger | Nazla |
| Reviser | Revisor |
| 905 ## - LOCAL DATA ELEMENT E, LDE (RLIN) | |
| Cataloger | Soheir |
| Reviser | Cataloger |
| 942 ## - ADDED ENTRY ELEMENTS (KOHA) | |
| Source of classification or shelving scheme | Dewey Decimal Classification |
| Koha item type | Thesis |
| Source of classification or shelving scheme | Not for loan | Home library | Current library | Date acquired | Full call number | Barcode | Date last seen | Koha item type | Copy number |
|---|---|---|---|---|---|---|---|---|---|
| Dewey Decimal Classification | المكتبة المركزبة الجديدة - جامعة القاهرة | قاعة الرسائل الجامعية - الدور الاول | 11.02.2024 | Cai01.11.13.M.Sc.2013.Ta.A | 01010110061090000 | 22.09.2023 | Thesis | ||
| Dewey Decimal Classification | المكتبة المركزبة الجديدة - جامعة القاهرة | مخـــزن الرســائل الجـــامعية - البدروم | 11.02.2024 | Cai01.11.13.M.Sc.2013.Ta.A | 01020110061090000 | 22.09.2023 | CD - Rom | 61090.CD |